000 00708nam a22002172 4500
001 0000024356
005 20151217155235.0
008 130909s xx 000 0 eng d
020 _a0070669929 :
040 _aKABU
_cKABU
100 1 _aVander, Arthur J.
_@0000184371
245 1 0 _aHuman physiology :
_bthe mechanisms of body function /
_cArthur J. Vander, James H. Sherman, Dorothy S. Luciano.
250 _a6th ed.
260 _aNew York :
_bMcGraw-Hill,
_c1994.
300 _a1 v. (various paging) ;
650 0 _aHuman physiology.
_@0000155597
700 1 _aSherman, James H.
_@0000184372
852 1 _9p11554 KES
908 _a130909
950 _@1
999 _c12223
_d12223